Azores islands Parishes (Freguesias) with a Map - Statistics

General Stats
  • This quiz has been taken 36 times
  • The average score is 60 of 155
Answers on the Map
Answers color-coded by a green-red scale on the quiz's map according to % correct below.
 
Answer Stats
Island Municipality Parish/Freguesia % Correct
São Jorge Calheta Calheta
82%
São Miguel Nordeste Nordeste
79%
São Miguel Ponta Delgada São Roque
75%
São Miguel Lagoa Santa Cruz
71%
Terceira Angra do Heroísmo
71%
Flores Santa Cruz das Flores Ponta Delgada
68%
São Miguel Povoação Povoação
68%
São Miguel Ponta Delgada Sete Cidades
68%
São Miguel Povoação Furnas
64%
São Miguel Ribeira Grande Rabo de Peixe
64%
São Miguel Nordeste Santo António de Nordestinho
61%
Pico São Roque do Pico Santo António (Pico)
61%
São Miguel Ponta Delgada Santo Antonio (São Miguel)
61%
Graciosa Santa Cruz da Graciosa São Mateus (Graciosa)
61%
São Miguel Nordeste São Pedro de Nordestinho
61%
São Miguel Ponta Delgada São Pedro (Ponta Delgada)
61%
Santa Maria Vila do Porto São Pedro (Santa Maria)
61%
Terceira Angra do Heroísmo São Pedro (Terceira)
61%
São Miguel Vila Franca do Campo São Pedro (Vila Franca do Campo)
61%
São Jorge Velas Manadas
57%
Flores Lajes das Flores Mosteiro
57%
Pico Lajes do Pico Ribeiras
57%
São Miguel Ponta Delgada Santa Bárbara (Ponta Delgada)
57%
São Miguel Ribeira Grande Santa Bárbara (Ribeira Grande)
57%
Santa Maria Vila do Porto Santa Bárbara (Santa Maria)
57%
Terceira Angra do Heroísmo Santa Bárbara (Terceira)
57%
São Jorge Velas Urzelina
57%
São Miguel Lagoa Água de Pau
54%
Terceira Praia da Vitória Lajes
54%
São Miguel Ponta Delgada Mosteiros
54%
São Miguel Ponta Delgada Pilar da Bretanha
54%
São Miguel Ponta Delgada Relva
54%
São Miguel Povoação Ribeira Quente
54%
São Miguel Ribeira Grande Ribeira Seca (Ribeira Grande)
54%
São Jorge Calheta Ribeira Seca (São Jorge)
54%
São Miguel Vila Franca do Campo Ribeira Seca (Vila Franca do Campo)
54%
São Miguel Ponta Delgada São Sebastião
54%
São Jorge Velas Velas
54%
Santa Maria Vila do Porto Vila do Porto
54%
São Miguel Ponta Delgada Ajuda da Bretanha
50%
São Miguel Lagoa Cabouco
50%
São Miguel Ponta Delgada Capelas
50%
São Miguel Ponta Delgada Fajã de Baixo
50%
São Miguel Ponta Delgada Ginetes
50%
Faial Horta Horta
50%
Faial Horta Ribeirinha (Faial)
50%
Pico Lajes do Pico Ribeirinha (Pico)
50%
São Miguel Ribeira Grande Ribeirinha (São Miguel)
50%
Terceira Angra do Heroísmo Ribeirinha (Terceira)
50%
São Miguel Ponta Delgada São José
50%
São Miguel Vila Franca do Campo Água de Alto
46%
São Miguel Ponta Delgada Arrifes
46%
Terceira Praia da Vitória Biscoitos
46%
São Miguel Ribeira Grande Calhetas
46%
Pico Madalena Candelária (Pico)
46%
São Miguel Ponta Delgada Candelária (São Miguel)
46%
São Miguel Ponta Delgada Fajã de Cima
46%
Flores Lajes das Flores Lomba
46%
Pico Madalena Madalena
46%
São Miguel Ribeira Grande Maia
46%
São Miguel Ribeira Grande Matriz
46%
São Miguel Povoação Nossa Senhora dos Remédios
46%
São Miguel Ribeira Grande Pico da Pedra
46%
São Miguel Ribeira Grande Porto Formoso
46%
São Miguel Ponta Delgada Remédios
46%
São Miguel Vila Franca do Campo São Miguel
46%
São Miguel Ponta Delgada Covoada
43%
São Miguel Ponta Delgada Fenais da Luz
43%
Pico Lajes do Pico Lajes do Pico
43%
São Miguel Nordeste Salga
43%
Terceira Praia da Vitória Santa Cruz da Praia da Vitória
43%
São Miguel Ribeira Grande São Brás (São Miguel)
43%
Terceira Praia da Vitória São Brás (Terceira)
43%
São Miguel Ponta Delgada São Vicente Ferrera
43%
São Jorge Calheta Topo
43%
Terceira Angra do Heroísmo Vila de São Sebastião
43%
São Miguel Nordeste Achada
39%
São Miguel Nordeste Achadinha
39%
São Miguel Povoação Água Retorta
39%
Faial Horta Feteira (Faial)
39%
Terceira Angra do Heroísmo Feteira (Terceira)
39%
Graciosa Santa Cruz da Graciosa Luz
39%
São Jorge Velas Norte Grande
39%
São Miguel Vila Franca do Campo Ponta Garça
39%
São Miguel Ponta Delgada Santa Clara
39%
Terceira Angra do Heroísmo São Mateus da Calheta
39%
Pico Madalena São Mateus (Pico)
39%
São Miguel Ponta Delgada Livramento
36%
São Miguel Ribeira Grande Lomba da Maia
36%
São Jorge Calheta Norte Pequeno
36%
São Miguel Vila Franca do Campo Ribeira das Tainhas
36%
São Jorge Velas Rosais
36%
Santa Maria Vila do Porto Almagreira
32%
Faial Horta Conceição (Faial)
32%
São Miguel Ribeira Grande Conceição (São Miguel)
32%
São Miguel Povoação Faial da Terra
32%
São Miguel Ribeira Grande Fenais da Ajuda
32%
Pico São Roque do Pico São Roque do Pico
32%
Terceira Angra do Heroísmo Serreta
32%
Faial Horta Angustias
29%
Flores Lajes das Flores Fajã Grande
29%
Faial Horta Flamengos
29%
Graciosa Santa Cruz da Graciosa Guadalupe
29%
Flores Lajes das Flores Lajes das Flores
29%
Faial Horta Praia de Almoxarife
29%
Graciosa Santa Cruz da Graciosa Santa Cruz da Graciosa
29%
Flores Santa Cruz das Flores Santa Cruz das Flores
29%
São Miguel Nordeste Santana
29%
Terceira Praia da Vitória Vila Nova
29%
Terceira Praia da Vitória Agualva
25%
São Miguel Nordeste Algarvia
25%
Pico Lajes do Pico Calheta de Nesquim
25%
Faial Horta Capelo
25%
Faial Horta Cedros (Faial)
25%
Flores Santa Cruz das Flores Cedros (Flores)
25%
Flores Lajes das Flores Lajedo
25%
São Miguel Nordeste Lomba da Fazenda
25%
Faial Horta Pedro Miguel
25%
Terceira Angra do Heroísmo Porto Judeu
25%
Pico Madalena Criação Velha
21%
Terceira Angra do Heroísmo Doze Ribeiras
21%
Flores Lajes das Flores Fajãzinha
21%
São Miguel Ponta Delgada Feteiras
21%
Terceira Praia da Vitória Fonte do Bastardo
21%
Pico Lajes do Pico Piedade
21%
São Miguel Lagoa Ribeira Chã
21%
São Jorge Calheta Santo Antão
21%
Terceira Angra do Heroísmo São Bartolomeu
21%
Pico Lajes do Pico São João
21%
Terceira Praia da Vitória Fontinhas
18%
São Miguel Lagoa Nossa Senhora do Rosário
18%
Pico São Roque do Pico Prainha do Norte
18%
Terceira Praia da Vitória Quatro Ribeiras
18%
Pico São Roque do Pico Santa Luzia (Pico)
18%
Terceira Angra do Heroísmo Santa Luzia (Terceira)
18%
Pico São Roque do Pico Santo Amaro (Pico)
18%
São Jorge Velas Santo Amaro (São Jorge)
18%
Terceira Angra do Heroísmo Terra Chã
18%
Faial Horta Castelo Branco
14%
Flores Santa Cruz das Flores Caveira
14%
Terceira Angra do Heroísmo Cinco Ribeiras
14%
Flores Lajes das Flores Fazenda
14%
São Miguel Ribeira Grande Lomba de São Pedro
14%
Faial Horta Praia do Norte
14%
Terceira Angra do Heroísmo São Bento
14%
Terceira Angra do Heroísmo Altares
11%
Pico Madalena Bandeiras
11%
Terceira Praia da Vitória Porto Martins
11%
Terceira Angra do Heroísmo Posto Santo
11%
Terceira Angra do Heroísmo Raminho
11%
Santa Maria Vila do Porto Santo Espírito
11%
Terceira Praia da Vitória Cabo da Praia
7%
Faial Horta Salao
7%
Pico Madalena São Caetano
7%
Terceira Angra do Heroísmo Nossa Senhora da Conceição
4%
No matching quizzes found
Score Distribution
Percent of People with Each Score
Percentile by Number Answered
Your Score History
You have not taken this quiz